[Event "41st Olympiad Women 2014"]
[Site "Tromso NOR"]
[Date "2014.08.05"]
[Round "4.52"]
[Board "2"]
[White "Namaganda, Christine"]
[Black "Solomons, Anzel"]
[Result "0-1"]
[BlackTitle "WIM"]
[WhiteElo "1536"]
[BlackElo "1840"]
[WhiteTeam "Uganda"]
[BlackTeam "South Africa"]
[WhiteFideId "10000445"]
[BlackFideId "14300800"]
[EventDate "2014.08.02"]

1. d4 d5 2. Nf3 Nf6 3. e3 e6 4. Bd3 c5 5. c3 Nc6 6. Nbd2 Bd6 7. e4 cxd4 8. cxd4
dxe4 9. Nxe4 Nxe4 10. Bxe4 Bb4+ 11. Bd2 Qa5 12. Bxc6+ bxc6 13. O-O Bxd2 14. Nxd2
Qd5 15. Qg4 O-O 16. Nf3 e5 17. Qh4 e4 18. Ng5 Bf5 19. Rfd1 Rab8 20. Rd2 h6 21.
Nh3 Bxh3 22. Qxh3 f5 23. Qc3 f4 24. Qc5 Qxc5 25. dxc5 e3 26. fxe3 fxe3 27. Re2
Rf2 28. Rxf2 exf2+ 29. Kxf2 Rxb2+ 30. Kf3 Rc2 31. a4 Rxc5 32. a5 a6 33. h3 Kf7
34. Ke4 Ke6 35. Kd3 Kd5 36. Ra4 Kd6 37. h4 g5 38. hxg5 Rxg5 39. Rd4+ Rd5 40.
Rxd5+ Kxd5 41. g4 c5 42. Kc3 c4 43. Kd2 Kc5 44. Kc3 Kb5 45. Kd4 0-1

[Event "41st Olympiad Women 2014"]
[Site "Tromso NOR"]
[Date "2014.08.05"]
[Round "4.52"]
[Board "3"]
[White "Tlale, Tshepang"]
[Black "Amoko, Ivy Claire"]
[Result "1-0"]
[WhiteTitle "WIM"]
[BlackTitle "WCM"]
[WhiteElo "1798"]
[BlackElo "1803"]
[WhiteTeam "South Africa"]
[BlackTeam "Uganda"]
[WhiteFideId "14304503"]
[BlackFideId "10000291"]
[EventDate "2014.08.02"]

1. e4 e6 2. d4 d5 3. Nc3 Nf6 4. e5 Nfd7 5. f4 c5 6. Nf3 Nc6 7. Be3 cxd4 8. Nxd4
a6 9. Qd2 Be7 10. Be2 O-O 11. O-O Nxd4 12. Bxd4 f6 13. Qe3 Qc7 14. exf6 Nxf6 15.
Kh1 Bd6 16. Be5 Bxe5 17. fxe5 Nd7 18. Rxf8+ Nxf8 19. Rf1 Bd7 20. Bd3 Bc6 21. Ne2
Qe7 22. Nd4 Be8 23. Qh3 Bd7 24. Qg4 Re8 25. Nf3 Bb5 26. Bxb5 axb5 27. Ng5 h6 28.
Nf7 Kh7 29. Nd6 Ra8 30. a3 Ng6 31. Rf7 Qd8 32. h3 Qa5 33. c3 Rf8 34. Qxe6 Qb6
35. Qf5 Rxf7 36. Nxf7 1-0

[Event "41st Olympiad Women 2014"]
[Site "Tromso NOR"]
[Date "2014.08.05"]
[Round "4.52"]
[Board "4"]
[White "Mutesi, Phiona"]
[Black "Fisher, Michelle M"]
[Result "1-0"]
[WhiteTitle "WCM"]
[BlackTitle "WCM"]
[WhiteElo "1632"]
[BlackElo "1657"]
[WhiteTeam "Uganda"]
[BlackTeam "South Africa"]
[WhiteFideId "10000399"]
[BlackFideId "14307553"]
[EventDate "2014.08.02"]

1. e4 c5 2. Nc3 Nc6 3. d3 g6 4. g3 Bg7 5. Bg2 Nf6 6. Be3 d6 7. h3 O-O 8. Nge2
Ne8 9. O-O Nc7 10. Rb1 Nd4 11. Nf4 e6 12. Kh1 f5 13. Qc1 e5 14. Nfd5 Nce6 15. f4
fxe4 16. Nxe4 Nf5 17. Bd2 exf4 18. Nxf4 Be5 19. g4 Nh4 20. Nxe6 Rxf1+ 21. Qxf1
Bxe6 22. Bg5 Qc7 23. Bxh4 Rf8 24. Qe2 Bxa2 25. Ra1 Be6 26. Ng5 Bd7 27. Rxa7 Bc6
28. Bxc6 Qxc6+ 29. Qe4 Qxe4+ 30. Nxe4 Rf1+ 31. Kg2 Rc1 32. Rxb7 Rxc2+ 33. Kf3
Bxb2 34. Nxd6 Rd2 35. Rb3 Bd4 36. Ne4 Rh2 37. Nf2 Bxf2 38. Bxf2 Rxh3+ 39. Kg2
Rh6 40. Bxc5 g5 41. Rb7 Rg6 42. d4 1-0

[Event "41st Olympiad Women 2014"]
[Site "Tromso NOR"]
[Date "2014.08.05"]
[Round "4.53"]
[Board "3"]
[White "Berhe, Azeb Asmelash"]
[Black "Liao, Jo-Yu"]
[Result "1/2-1/2"]
[WhiteElo "1464"]
[BlackElo "1478"]
[WhiteTeam "Ethiopia"]
[BlackTeam "Chinese Taipei"]
[WhiteFideId "15700291"]
[BlackFideId "16300459"]
[EventDate "2014.08.02"]

1. e4 e5 2. Nf3 Nc6 3. Bc4 Bc5 4. c3 Nf6 5. d4 exd4 6. cxd4 Bb4+ 7. Nc3 Nxe4 8.
O-O Bxc3 9. bxc3 d5 10. Bd3 O-O 11. Qc2 Re8 12. Re1 Nf6 13. Bg5 Rxe1+ 14. Rxe1
Kf8 15. Ne5 h6 16. Nxc6 bxc6 17. Bxf6 Qxf6 18. Re5 Be6 19. Qb3 Qd8 20. Qb4+ Kg8
21. Qb1 Qb8 22. Bh7+ Kh8 23. Qxb8+ Rxb8 24. Bd3 Rb2 25. Re2 Rxe2 26. Bxe2 Kg8
27. f4 Kf8 28. Kf2 Ke7 29. Ke3 Kd6 30. g4 c5 31. f5 cxd4+ 32. cxd4 Bd7 33. a3 c5
34. dxc5+ Kxc5 35. h4 f6 36. Kf4 Bb5 37. Bf3 d4 38. g5 d3 39. Kg4 Kd4 40. gxh6
gxh6 41. Kh5 Ke5 42. Bg4 Kf4 43. Bd1 Kxf5 44. Kxh6 Be8 45. a4 a5 46. h5 d2 47.
Kg7 Bxh5 48. Bxh5 Kg5 49. Bd1 f5 50. Kf7 Kf4 51. Kg6 Ke4 52. Kg5 f4 53. Kg4 Ke3
54. Bf3 Kf2 55. Kxf4 Ke1 56. Ke5 d1=Q 57. Bxd1 Kxd1 58. Kd5 Kd2 59. Kc4 Ke3 60.
Kb5 Kd4 1/2-1/2

[Event "41st Olympiad Women 2014"]
[Site "Tromso NOR"]
[Date "2014.08.05"]
[Round "4.54"]
[Board "1"]
[White "Lyons, Kieran"]
[Black "Blackman, Katrina"]
[Result "1/2-1/2"]
[WhiteTitle "WFM"]
[BlackTitle "WCM"]
[WhiteElo "1811"]
[BlackElo "1627"]
[WhiteTeam "Fiji"]
[BlackTeam "Barbados"]
[WhiteFideId "11400102"]
[BlackFideId "11100540"]
[EventDate "2014.08.02"]

1. e4 e6 2. d4 d5 3. exd5 exd5 4. Nf3 Bd6 5. Bd3 Bg4 6. O-O Ne7 7. Bg5 f6 8. Be3
Nbc6 9. Re1 Qd7 10. Nbd2 O-O-O 11. c4 Bb4 12. cxd5 Nxd5 13. Qc2 Nde7 14. Rec1
Bd6 15. a3 f5 16. Ng5 f4 17. Nf7 fxe3 18. fxe3 Qe6 19. Nxd8 Qxe3+ 20. Kh1 Rxd8
21. Nc4 Qxd4 22. Nxd6+ Qxd6 23. Be4 g6 24. b4 Bf5 25. Bxf5+ Nxf5 26. Rd1 Qe5 27.
Rxd8+ Nxd8 28. Rc1 Ne6 29. Qd2 Ned4 30. Re1 Qb5 31. Qf4 Qc6 32. Qg5 h6 33. Qg4
b6 34. Qf4 Kb7 35. Rd1 Ne6 1/2-1/2

[Event "41st Olympiad Women 2014"]
[Site "Tromso NOR"]
[Date "2014.08.05"]
[Round "4.54"]
[Board "2"]
[White "Murray, Donna"]
[Black "Sukhu, Gloria"]
[Result "1-0"]
[BlackTitle "WCM"]
[WhiteElo "1454"]
[BlackElo "1501"]
[WhiteTeam "Barbados"]
[BlackTeam "Fiji"]
[WhiteFideId "11102470"]
[BlackFideId "11400099"]
[EventDate "2014.08.02"]

1. d4 d5 2. c4 dxc4 3. e3 Nf6 4. Bxc4 Bf5 5. Nf3 Qd6 6. O-O Nc6 7. Nh4 Bg6 8.
Nc3 a6 9. Bd3 e6 10. a3 Be7 11. b4 Nd5 12. Nxd5 exd5 13. Nxg6 hxg6 14. h3 Bh4
15. Qf3 Bf6 16. Bd2 Ne7 17. b5 axb5 18. Bxb5+ c6 19. Bb4 Qe6 20. Be2 Rh4 21. Qg3
O-O-O 22. Ba5 Rd7 23. Rab1 Nf5 24. Qh2 Nxe3 25. Rxb7 Rxb7 26. Ba6 Bd8 27. Rb1
Qe4 28. Bxb7+ Kd7 29. Bxc6+ Ke6 30. Re1 Bxa5 31. Rxe3 f6 32. Rxe4+ Rxe4 33. Qg3
Ke7 34. Qxg6 Re1+ 35. Kh2 Bc7+ 36. g3 Kd6 37. Qc2 Bb6 38. Qc3 Re2 39. Qb4+ Kxc6
40. Qa4+ Kc7 41. Kg2 Re4 42. Qc2+ Kd6 43. f3 Rxd4 44. g4 Rc4 45. Qb3 Rc6 46.
Qb4+ Bc5 47. Qb8+ Rc7 48. Qd8+ Rd7 49. Qf8+ Kc6 50. Qa8+ Kd6 51. a4 d4 52. Qa6+
Kc7 53. Qb5 Kd6 54. a5 Ba7 55. a6 Ke7 56. Kf2 d3+ 57. Ke1 Bf2+ 58. Kxf2 Kd8 59.
Qxd7+ Kxd7 60. a7 d2 61. Ke2 1-0

[Event "41st Olympiad Women 2014"]
[Site "Tromso NOR"]
[Date "2014.08.05"]
[Round "4.54"]
[Board "3"]
[White "Vukikomoala, Hilda"]
[Black "Ramsay, Sheena"]
[Result "1/2-1/2"]
[WhiteTitle "WFM"]
[BlackTitle "WCM"]
[WhiteElo "1461"]
[BlackElo "1579"]
[WhiteTeam "Fiji"]
[BlackTeam "Barbados"]
[WhiteFideId "11400269"]
[BlackFideId "11101610"]
[EventDate "2014.08.02"]

1. e4 e6 2. d4 d5 3. exd5 exd5 4. Nf3 Bd6 5. Nc3 Ne7 6. Be2 Nbc6 7. O-O f6 8.
Be3 Bg4 9. Nb5 Qd7 10. Nxd6+ Qxd6 11. Re1 O-O-O 12. a4 g5 13. Qd2 h5 14. Reb1
Rdg8 15. b4 Qd7 16. b5 Nb8 17. a5 Bh3 18. g3 h4 19. b6 a6 20. bxc7 Qxc7 21. Qb4
Nec6 22. Qb3 hxg3 23. hxg3 Be6 24. Bf1 Qh7 25. Bg2 Bh3 26. Bxh3+ Qxh3 27. Qxb7+
Kd8 28. Nh2 Qxh2+ 29. Kf1 Qh1+ 30. Ke2 Qe4 31. Kd2 Rh7 32. Qb6+ Rc7 33. Rb2 Qg6
34. Rab1 f5 35. Qc5 Qe6 36. Rb7 Rgg7 37. Qf8+ Qe8 38. Qxe8+ Kxe8 39. Rxc7 Rxc7
40. Bxg5 Rc8 41. Kd3 Nxa5 42. Re1+ Kf7 43. Re5 Nac6 44. Rxf5+ Kg6 45. g4 Nb4+
46. Ke2 Rxc2+ 47. Kf3 a5 48. Be7 N8c6 49. Bc5 Rxc5 50. dxc5 Nd4+ 51. Ke3 Nxf5+
52. gxf5+ Kf6 53. Kd4 Kxf5 54. c6 Nxc6+ 55. Kxd5 1/2-1/2

[Event "41st Olympiad Women 2014"]
[Site "Tromso NOR"]
[Date "2014.08.05"]
[Round "4.55"]
[Board "1"]
[White "Gjergji, Rozana"]
[Black "Al-khelaifi, Aisha"]
[Result "0-1"]
[WhiteTitle "WCM"]
[WhiteElo "1981"]
[BlackElo "1690"]
[WhiteTeam "Albania"]
[BlackTeam "Qatar"]
[WhiteFideId "4700147"]
[BlackFideId "12100625"]
[EventDate "2014.08.02"]

1. e4 e5 2. Nf3 Nf6 3. Nc3 Bb4 4. d3 d5 5. exd5 Nxd5 6. Bd2 Bg4 7. Be2 Bxc3 8.
bxc3 O-O 9. O-O Nd7 10. Re1 Re8 11. c4 Nf4 12. Bxf4 exf4 13. d4 Qf6 14. h3 Bh5
15. Nh2 Bxe2 16. Rxe2 Rxe2 17. Qxe2 Qxd4 18. Rd1 Qe5 19. Qd2 Nf6 20. Nf3 Qe4 21.
Ng5 Qe7 22. Qxf4 h6 23. Nf3 Rd8 24. Rd3 Re8 25. Qd4 b6 26. Qf4 Qc5 27. Qd4 Qxd4
28. Nxd4 Kf8 29. Kf1 a6 30. f3 Nh5 31. Ne2 Nf6 32. Kf2 Re6 33. Nd4 Re8 34. Ra3
a5 35. Nb5 Re7 36. c5 Re5 37. Rc3 Rxc5 38. Rxc5 bxc5 39. Nxc7 Ke7 40. Nb5 Nd5
41. a3 Kd7 42. g3 Kc6 43. a4 c4 44. Ke2 Kc5 45. Kd2 f6 46. Nc3 Nxc3 47. Kxc3 g6
48. h4 f5 49. h5 gxh5 50. f4 Kd5 51. Kd2 Kd4 52. c3+ Ke4 53. Ke2 h4 0-1

[Event "41st Olympiad Women 2014"]
[Site "Tromso NOR"]
[Date "2014.08.05"]
[Round "4.55"]
[Board "2"]
[White "Al-Khelaifi, Kholoud"]
[Black "Shabanaj, Eglantina"]
[Result "0-1"]
[BlackTitle "WCM"]
[WhiteElo "1511"]
[BlackElo "2033"]
[WhiteTeam "Qatar"]
[BlackTeam "Albania"]
[WhiteFideId "12100145"]
[BlackFideId "4700562"]
[EventDate "2014.08.02"]

1. d4 Nf6 2. c4 g6 3. Nc3 d5 4. e3 Bg7 5. Nf3 O-O 6. Qb3 e6 7. Be2 b6 8. cxd5
exd5 9. O-O Re8 10. Ne5 c5 11. Bb5 c4 12. Qa4 Re7 13. b3 a6 14. Bc6 Raa7 15. Ba3
Rec7 16. bxc4 dxc4 17. Qxc4 Ng4 18. Qd5 Qxd5 19. Nxd5 Nxe5 20. Nxc7 Nexc6 21.
Nd5 b5 22. Rfc1 Be6 23. Nb6 b4 24. Bb2 a5 25. Nc4 a4 26. Rc2 a3 27. Bc1 Nd7 28.
f4 Ra6 29. Bd2 Nxd4 30. exd4 Bxd4+ 31. Kf1 Bxa1 32. Ne3 b3 33. axb3 a2 34. Nc4
Bd4 35. Bc3 Bxc3 36. Rxc3 a1=Q+ 0-1

[Event "41st Olympiad Women 2014"]
[Site "Tromso NOR"]
[Date "2014.08.05"]
[Round "4.55"]
[Board "3"]
[White "Kerciku, Suzana"]
[Black "Safar, Alshaymaa"]
[Result "1-0"]
[BlackTitle "WCM"]
[WhiteElo "1519"]
[BlackElo "1594"]
[WhiteTeam "Albania"]
[BlackTeam "Qatar"]
[WhiteFideId "4700783"]
[BlackFideId "12100510"]
[EventDate "2014.08.02"]

1. e4 d5 2. exd5 Qxd5 3. Nc3 Qd6 4. d4 Nf6 5. Nf3 a6 6. Be3 b5 7. a3 Bb7 8. Be2
e6 9. Qd2 Be7 10. O-O O-O 11. Rfe1 Rd8 12. Rad1 Nc6 13. Ng5 Qd7 14. Bf3 Rab8 15.
Nce4 Nd5 16. Nc5 Bxc5 17. dxc5 Nf6 18. Qc3 Qe7 19. Bf4 Rxd1 20. Rxd1 Rd8 21.
Rxd8+ Qxd8 22. Qd3 Qxd3 23. cxd3 Ne8 24. Be4 h6 25. Nf3 Nd8 26. Bxb7 Nxb7 27. d4
f6 28. h3 g5 29. Be3 c6 30. Nd2 f5 31. f4 gxf4 32. Bxf4 h5 33. Nf3 Nd8 34. Ne5
Kg7 35. Nd7 a5 36. Bg3 Kg6 37. Bh4 Nf7 38. Nb8 e5 39. Nxc6 exd4 40. Nxd4 b4 41.
axb4 axb4 42. Be1 Ne5 43. Bxb4 Nd3 44. Ba3 Nc7 45. b4 Na6 46. c6 Ndxb4 47. Bxb4 1-0

[Event "41st Olympiad Women 2014"]
[Site "Tromso NOR"]
[Date "2014.08.05"]
[Round "4.56"]
[Board "1"]
[White "Vilhete, Vania Fausto Da T."]
[Black "Hazim Gonzalez, Elizabeth"]
[Result "0-1"]
[WhiteTitle "WIM"]
[BlackTitle "WCM"]
[WhiteElo "1832"]
[BlackElo "1833"]
[WhiteTeam "Mozambique"]
[BlackTeam "Dominican Republic"]
[WhiteFideId "14800144"]
[BlackFideId "6400183"]
[EventDate "2014.08.02"]

1. d4 b6 2. c4 d6 3. Nc3 Bb7 4. e4 g6 5. Nf3 Bg7 6. Be2 Nd7 7. Be3 Ngf6 8. Qc2
e5 9. d5 O-O 10. b4 Ng4 11. Bg5 f6 12. Bh4 a6 13. h3 Nh6 14. O-O Qe7 15. Rac1
Rac8 16. Qb3 Rb8 17. Na4 Bc8 18. Nb2 Rf7 19. Nd3 Kh8 20. Qa3 Ng8 21. Nd2 Qf8 22.
Nb3 f5 23. f3 Ngf6 24. Nf2 Bh6 25. Rcd1 Be3 26. Bd3 Nh5 27. Rfe1 f4 28. Kh2 Ndf6
29. Rb1 Qh6 30. Bxf6+ Nxf6 31. Nd1 Nh5 32. Nxe3 fxe3 33. Qc1 Rxf3 34. gxf3 Nf4
35. Bf1 Bxh3 36. Kg1 Qg5+ 37. Kh2 Qh4 38. Rb2 Bg2+ 0-1

[Event "41st Olympiad Women 2014"]
[Site "Tromso NOR"]
[Date "2014.08.05"]
[Round "4.57"]
[Board "2"]
[White "Meyer, Marany"]
[Black "Mencos, Claudia"]
[Result "1/2-1/2"]
[WhiteTitle "WIM"]
[BlackTitle "WIM"]
[WhiteElo "2064"]
[BlackElo "2017"]
[WhiteTeam "New Zealand"]
[BlackTeam "Guatemala"]
[WhiteFideId "14300435"]
[BlackFideId "7300573"]
[EventDate "2014.08.02"]

1. e4 c5 2. Nc3 e6 3. Nge2 a6 4. g3 b5 5. a3 Bb7 6. Bg2 Nf6 7. d3 Qc7 8. O-O d6
9. h3 Be7 10. Nf4 O-O 11. Nh5 Nxh5 12. Qxh5 Nc6 13. f4 Nd4 14. Qd1 Rac8 15. Ne2
Bf6 16. c3 Nxe2+ 17. Qxe2 a5 18. Be3 Qb8 19. Rfd1 Rc7 20. d4 Qa8 21. dxc5 dxc5
22. Qxb5 Bxe4 23. Bxe4 Qxe4 24. Re1 Rb7 25. Qe2 Rfb8 26. Bxc5 Qxe2 27. Rxe2 Rxb2
28. Rxb2 Rxb2 29. Rc1 h5 30. c4 Rb3 31. Kg2 h4 32. gxh4 Bxh4 33. Bd6 Rg3+ 34.
Kh2 Rd3 35. c5 Rd2+ 36. Kh1 Bf6 37. c6 Bd8 38. c7 Bxc7 39. Bxc7 Rd3 40. Bxa5
Rxh3+ 41. Kg2 Rxa3 42. Bc3 f6 43. Kf3 Kf7 44. Kg4 Rb3 45. Bd4 1/2-1/2

[Event "41st Olympiad Women 2014"]
[Site "Tromso NOR"]
[Date "2014.08.05"]
[Round "4.57"]
[Board "3"]
[White "Figueroa, Julissa"]
[Black "Gao, Judy"]
[Result "1-0"]
[WhiteTitle "WCM"]
[BlackTitle "WFM"]
[WhiteElo "1833"]
[BlackElo "1947"]
[WhiteTeam "Guatemala"]
[BlackTeam "New Zealand"]
[WhiteFideId "7300450"]
[BlackFideId "4302257"]
[EventDate "2014.08.02"]

1. e4 c6 2. d4 d5 3. Nc3 dxe4 4. Nxe4 Bf5 5. Ng3 Bg6 6. Nf3 Nd7 7. h4 h6 8. h5
Bh7 9. Bd3 Bxd3 10. Qxd3 e6 11. Bf4 Qa5+ 12. Bd2 Bb4 13. Ne4 Ngf6 14. Nd6+ Ke7
15. Nc4 Bxd2+ 16. Nfxd2 Qc7 17. O-O-O Rhd8 18. g4 c5 19. Rdg1 Qf4 20. dxc5 Qxf2
21. Qd6+ Ke8 22. c6 bxc6 23. Qxc6 Kf8 24. g5 hxg5 25. Rxg5 Qf4 26. Qg2 Nb6 27.
Rf1 Qd4 28. Nxb6 axb6 29. Nb3 Qh4 30. Rxg7 Qxh5 31. Rh1 Qxh1+ 32. Qxh1 Kxg7 33.
Qg1+ Kh7 34. Qxb6 Nd5 35. Qb7 Kg6 36. a3 f5 37. Qb5 Ne3 38. Kb1 Rd5 39. Qc6 Rd1+
40. Ka2 Rad8 41. Qxe6+ Kh5 42. Qxe3 Kg4 43. Nc5 f4 44. Qe6+ Kg3 45. Qg6+ Kf3 46.
Qe4+ Kg3 47. Nd3 Rf8 48. Qg6+ Kf3 49. Qh5+ 1-0

[Event "41st Olympiad Women 2014"]
[Site "Tromso NOR"]
[Date "2014.08.05"]
[Round "4.57"]
[Board "4"]
[White "Timergazi, Layla"]
[Black "Mencos Castillo, Maria"]
[Result "1-0"]
[BlackTitle "WIM"]
[WhiteElo "1874"]
[BlackElo "1808"]
[WhiteTeam "New Zealand"]
[BlackTeam "Guatemala"]
[WhiteFideId "4303733"]
[BlackFideId "7300867"]
[EventDate "2014.08.02"]

1. d4 d5 2. c4 e6 3. Nc3 Nf6 4. cxd5 exd5 5. Bg5 Nbd7 6. e3 c6 7. Nf3 Be7 8. Bd3
O-O 9. O-O Re8 10. Qc2 Nf8 11. Ne5 h6 12. Bh4 N8d7 13. Nxd7 Bxd7 14. a3 a5 15.
Na4 b6 16. Rfb1 Qc7 17. Bg3 Qb7 18. Qb3 Bd8 19. Be5 Ng4 20. Bf4 Nf6 21. Re1 Be6
22. h3 Qd7 23. Be5 Ne4 24. Qc2 Nd6 25. Rac1 Rc8 26. Ba6 Nb7 27. Bd3 c5 28. dxc5
Nxc5 29. Nxc5 Rxc5 30. Bc3 Be7 31. Qd2 Rec8 32. Bd4 Rxc1 33. Rxc1 Qb7 34. Rxc8+
Bxc8 35. Qc3 Bf8 36. Qb3 Qc6 37. Qxb6 Qc1+ 38. Bf1 Bf5 39. Qb3 Bc2 40. Qc3 Qd1
41. Bb6 a4 42. Ba5 Bb3 43. Qe1 Qc2 44. Bc3 Qf5 45. Be2 Bc5 46. Bd1 Qe4 47. Bxb3
axb3 48. Qd1 Qc4 49. Qd2 Qe4 50. Bd4 Qc2 51. Qc3 Bxd4 52. Qxd4 Qc4 53. g3 Kf8
54. a4 f6 55. a5 Kf7 56. a6 Qxa6 57. Qxd5+ Qe6 58. Qxe6+ Kxe6 59. Kf1 Kd5 60.
Ke2 h5 61. Kd3 g5 62. g4 hxg4 63. hxg4 Ke5 64. f3 f5 65. gxf5 Kxf5 1-0

[Event "41st Olympiad Women 2014"]
[Site "Tromso NOR"]
[Date "2014.08.05"]
[Round "4.61"]
[Board "3"]
[White "Jacobs, Annelaine"]
[Black "Sisior, Destiny"]
[Result "1-0"]
[WhiteTitle "WCM"]
[WhiteElo "1680"]
[BlackElo "1536"]
[WhiteTeam "Aruba"]
[BlackTeam "Palau"]
[WhiteFideId "15900177"]
[BlackFideId "16600444"]
[EventDate "2014.08.02"]

1. e4 e6 2. d4 d5 3. exd5 Qxd5 4. Nf3 Nc6 5. c3 Be7 6. Bd3 Nf6 7. O-O O-O 8. Bf4
Qd7 9. Qc2 g6 10. Re1 b6 11. Bb5 Bb7 12. Qd2 Nh5 13. Bh6 Rfe8 14. Qe3 Bf6 15.
Ne5 Qd6 16. Nd2 Qd5 17. Bxc6 Bxc6 18. Nxc6 Qxc6 19. Ne4 Be7 20. Qf3 Qd5 21. b3
a5 22. Rad1 b5 23. Nd2 a4 24. Qxd5 exd5 25. Re5 c6 26. Rde1 Ra7 27. f4 f6 28.
Re6 Rc7 29. R1e2 Kf7 30. R6e3 g5 31. fxg5 Kg6 32. gxf6 Kxh6 33. fxe7 Kg7 34. Nf3
Nf6 35. Ng5 Ne4 36. Ne6+ Kf7 37. Nxc7 Rxe7 38. Na6 Re6 39. Nc5 Rd6 40. Nxe4 dxe4
41. Rxe4 Rf6 42. Rf2 axb3 43. axb3 Kg7 44. Re7+ Kg6 45. Rxf6+ Kxf6 46. Rxh7 Ke6
47. g4 Kf6 48. Rh6+ Kg5 49. Rxc6 Kxg4 50. Rb6 b4 51. Rxb4 Kf3 52. h4 Kg4 53. d5+
Kf5 54. Rf4+ Kxf4 55. d6 Kg4 56. d7 Kxh4 57. d8=Q+ Kh5 58. c4 Kh6 59. Qf6+ Kh7
60. c5 Kg8 61. c6 Kh7 62. c7 Kg8 63. c8=R+ Kh7 64. Rc7+ Kg8 65. Qd8# 1-0

[Event "41st Olympiad Women 2014"]
[Site "Tromso NOR"]
[Date "2014.08.05"]
[Round "4.61"]
[Board "4"]
[White "Whipps, Joy Flores"]
[Black "De Mey, Maria Paula"]
[Result "0-1"]
[WhiteElo "1305"]
[BlackElo "1483"]
[WhiteTeam "Palau"]
[BlackTeam "Aruba"]
[WhiteFideId "16600460"]
[BlackFideId "15900444"]
[EventDate "2014.08.02"]

1. e4 e5 2. Bb5 Nc6 3. Nf3 d6 4. O-O Bd7 5. d3 Nf6 6. Nc3 h6 7. a4 a5 8. Be3 g5
9. h4 gxh4 10. Nxh4 Nxe4 11. Qh5 Nxc3 12. bxc3 Rg8 13. Bc4 Qe7 14. Nf3 Qf6 15.
Rae1 Qg6 16. Bxf7+ Qxf7 17. Qh4 Qxf3 18. Qh2 Bh3 19. Qxh3 Qxh3 0-1

[Event "41st Olympiad Women 2014"]
[Site "Tromso NOR"]
[Date "2014.08.06"]
[Round "5.1"]
[Board "1"]
[White "Sukandar, Irine Kharisma"]
[Black "Hou, Yifan"]
[Result "0-1"]
[WhiteTitle "WGM"]
[BlackTitle "GM"]
[WhiteElo "2396"]
[BlackElo "2661"]
[WhiteTeam "Indonesia"]
[BlackTeam "China"]
[WhiteFideId "7101937"]
[BlackFideId "8602980"]
[EventDate "2014.08.02"]

1. e4 c5 2. Nf3 a6 3. d4 cxd4 4. Nxd4 Nf6 5. Nc3 e5 6. Nb3 Bb4 7. Bd3 Bxc3+ 8.
bxc3 O-O 9. O-O d6 10. Bg5 Nbd7 11. Qd2 h6 12. Be3 Ng4 13. Rfd1 Ndf6 14. c4 Be6
15. c5 d5 16. exd5 Nxd5 17. Be4 Ndxe3 18. fxe3 Qe7 19. Bf3 Rad8 20. Qc3 Qh4 21.
Bxg4 Qxg4 22. Rd6 Rxd6 23. cxd6 Rc8 24. Qd2 b6 25. Qd3 Bf5 26. h3 Qg6 27. d7 Rd8
28. Qxa6 Bxh3 29. Qe2 Rxd7 30. e4 Bg4 31. Qe3 Qc6 32. c3 Be6 0-1

[Event "41st Olympiad Women 2014"]
[Site "Tromso NOR"]
[Date "2014.08.06"]
[Round "5.1"]
[Board "2"]
[White "Ju, Wenjun"]
[Black "Aulia, Medina Warda"]
[Result "1-0"]
[WhiteTitle "WGM"]
[BlackTitle "WGM"]
[WhiteElo "2559"]
[BlackElo "2397"]
[WhiteTeam "China"]
[BlackTeam "Indonesia"]
[WhiteFideId "8603006"]
[BlackFideId "7101570"]
[EventDate "2014.08.02"]

1. d4 e6 2. c4 Nf6 3. g3 d5 4. Nf3 c5 5. cxd5 cxd4 6. dxe6 Bxe6 7. Bg2 Nc6 8.
O-O Bc5 9. Bg5 h6 10. Bxf6 Qxf6 11. Ne1 O-O 12. Nd3 Bb6 13. Nd2 Rfe8 14. a3 Rad8
15. Rc1 Bg4 16. Re1 Ne5 17. Ne4 Qe7 18. Qd2 Nd7 19. b4 Rc8 20. Rxc8 Rxc8 21. Nf4
Be6 22. Rc1 Rd8 23. Nxe6 Qxe6 24. Nc5 Bxc5 25. bxc5 b6 26. c6 Nc5 27. Qc2 Qd6
28. Rd1 Qe5 29. Bf3 Qd6 30. a4 a5 31. Rb1 Qc7 32. Qc4 Kf8 33. Kg2 Kg8 34. Kg1
Kf8 35. Rd1 Qe5 36. h4 g6 37. Rb1 Qc7 38. Ra1 Qe5 39. Ra3 Kg7 40. Ra2 d3 41.
exd3 Rxd3 42. Re2 Qd6 43. Bg2 Rd4 44. Qc2 Rd1+ 45. Kh2 Rd4 46. Qc3 Nxa4 47. Qa1
f6 48. c7 Rxh4+ 49. Kg1 Rc4 50. Qxa4 Rxc7 51. Qe8 Rf7 52. Re6 Qd1+ 53. Re1 Qd7
54. Qb8 Qc7 55. Re8 f5 56. Rg8+ Kf6 57. Qa8 Qd6 58. Bd5 Re7 59. Rc8 Ke5 60. Bf3
Rc7 61. Re8+ Kf6 62. Kg2 h5 63. Rd8 Rd7 64. Rc8 Rc7 65. Qb8 1-0

[Event "41st Olympiad Women 2014"]
[Site "Tromso NOR"]
[Date "2014.08.06"]
[Round "5.1"]
[Board "3"]
[White "Sihite, Chelsie Monica Ignesias"]
[Black "Zhao, Xue"]
[Result "1/2-1/2"]
[WhiteTitle "WIM"]
[BlackTitle "GM"]
[WhiteElo "2206"]
[BlackElo "2508"]
[WhiteTeam "Indonesia"]
[BlackTeam "China"]
[WhiteFideId "7101198"]
[BlackFideId "8601283"]
[EventDate "2014.08.02"]

1. e4 c6 2. d4 d5 3. Nc3 a6 4. Bd3 dxe4 5. Bxe4 Nf6 6. Bf3 Bf5 7. Nge2 e6 8. Ng3
Bg6 9. Nce2 Bd6 10. h4 h6 11. Bf4 Be7 12. c4 Nbd7 13. h5 Bh7 14. O-O O-O 15. Nc3
Rc8 16. a4 b5 17. axb5 axb5 18. cxb5 cxb5 19. Bb7 Rc4 20. Ba6 Qb6 21. Qe2 Qxd4
22. Be3 Qh4 23. Bxb5 Rc7 24. Ra4 Bb4 25. Rd1 e5 26. Nf1 Bf5 27. g3 Qh3 28. Rxb4
e4 29. f4 Bg4 30. Qh2 Qxh2+ 31. Nxh2 Bxd1 32. Nxd1 Rb8 33. Nc3 Rcb7 34. Nf1 Nf8
35. f5 Ne8 36. Bf4 Nc7 37. Ne3 Rxb5 38. Nxb5 Rxb5 39. Rd4 Ne8 40. Rd8 Nf6 41.
Bd6 Nd7 42. b4 f6 43. g4 Kf7 44. Nc4 e3 45. Bxf8 Nxf8 46. Nd6+ Ke7 47. Nxb5 Kxd8
48. Kf1 Nd7 49. Ke2 Ne5 50. Kxe3 Nc6 51. Nd4 Nxb4 52. Ne6+ Ke7 53. Nxg7 Nd5+ 54.
Kd4 Nc7 55. Kc5 Kd7 56. Kd4 Ke7 57. Kc5 Kd7 58. Kd4 1/2-1/2